000 00257nam a22001337a 4500
003 SGT
082 _a616.024
_bB09C
100 _aCCRH
245 _aBARYFAIODATA
260 _aDELHI
_bCCRH
_c2009
300 _a28
650 _aHOMOEOPATHIC
942 _2ddc
_cBK
999 _c18122
_d18122